1168 1158 1489 1548 1067 1888 1378 1711 1416 1560 1385 1452 1385 1192 1662 1826 1054 1968 1973 1040 1662 1392 1547 1462 1080 1526 1295 1842 1298 1351 1329 1790 1161 1928 1272 1173 1898 1975 1669 1408 1459 1214 1911 1434 1090 1169 1963 1804 1716 1258 1701 1922 1998 1042 1334 1415 1384 1547 1687 1505 1767 1197 1634 1853 1734 1338 1542 1032 1156 1206 1526 1283 1251 1205 1813 1716 1385 1307 1915 1369 1270 1082 1968 1352 1189 1615 1179 1625 1730 1370 1541 1120 1999 1946 1588 1562 1022 1672 1760 BCNSPRNW ULIB Ver.6.0+V

เปลี่ยนเป็นภาษาไทย

Change to English
 แสดงรายละเอียดบรรณานุกรม
  กลับหน้าหลัก

Brief Record : Get Marc (ISO 2709) : E-mail record : QR code < ปิดหน้าต่าง
LEADER : 00000nam 2200000uu 4500
001    13399110426
003     ULIB
008    110527s2553||||th 000 0 tha d
020    9749441982
020    9789749441985
050  4 H97^bม189น
100 0  มยุรี อนุมานราชธน
245 10 นโยบายสาธารณะ /^cมยุรี อนุมานราชธน
250    พิมพ์ครั้งที่ 3
260    กรุงเทพฯ :^bเอ็กซเปอร์เน็ท,^c2553
300    [ก]-ฎ, 323 หน้า :^bภาพประกอบ ;^c26 ซม.
650  7 การบริหารรัฐกิจ
650  7 นโยบายสาธารณะ
710 2  มหาวิทยาลัยเชียงใหม่. ^bคณะสังคมศาสตร์. ^bภาควิชารัฐศาสตร์
945    ^p300^l0^i18184
995    เกษร
999    ^aใช้งานได้ทุกระบบ
รายการนี้ยังไม่มีแท็ก
คุณยังไม่ได้ล็อกอิน คุณสามารถมีกิจกรรมร่วมกับเว็บไซต์ได้ แต่ต้องล็อกอินก่อน ::
  ล็อกอิน

รายการสื่อสารสนเทศ

ลำดับที่ ประเภท เลขเรียก/บาร์โค้ด สถานที่ สถานะ
1. วิทยาศาสตร์การแพทย์ และสุขภาพ
วิทยาศาสตร์การแพทย์ และสุขภาพ
H97 ม189น  
  Barcode: 18184
ห้องสมุดวิทยาเขตสวรรค์ประชารักษ์
►นวนิยาย
บนชั้น
  ขอยืม

รายการใกล้เคียง
    ผู้แต่ง [มยุรี อนุมานราชธน]

    หัวเรื่อง [การบริหารรัฐกิจ]
    หัวเรื่อง [นโยบายสาธารณะ]

BibComment


ยังไม่เคยถูกคอมเมนท์

คอมเมนท์ทรัพยากรรายการนี้
  คอมเมนท์: นโยบายสาธารณะ มย..


 Copyright 2026. Bcnsprnw @Library